00263nam a2200097Ia 4500008004000000082001700040100002200057245004300079260003600122300000700158210210b1999 xxu||||| |||| 00| 0 eng d a574.028 RAOL aRAO (Sudhaker M). aLaboratory exercises in biology: Vol.2 aMysorebGeetha Book Housec1999 a60